| 000 | 00325nam a22001217a 4500 | ||
|---|---|---|---|
| 082 | _a620.00151535 MOA | ||
| 100 |
_aMoaveni, Saeed _914738 |
||
| 245 | _aFinite element analysis: theory and application with ansys | ||
| 250 | _a3rd | ||
| 260 |
_aIndia _bPearson _c2016 |
||
| 650 | _aFinite Element Analysis. FEM | ||
| 942 | _cBK | ||
| 999 |
_c576825 _d576825 |
||